000 00323nam a2200133Ia 4500
005 20260326235449.0
008 260326s9999||||xx |||||||||||||| ||und||
100 _aPapadaki, Stamo
245 4 _aThe Work of Oscar Niemeyer /
_cStamo Papadaki
260 _bReinhold
300 _a220 p.
650 _aARQUITECTOS
942 _cBK
999 _c7681
_d7681